00888cam a2200253 a 45000010009000000050017000090080041000260100015000670200015000820200019000970400018001160500021001340820019001551000032001742450077002062600045002833000024003285040064003526500029004166530027004459420012004729990017004849520133005011550735720110407144923.0081031s2009 enk |rb 001 0 eng  a2008045842 a184737347X a9781847373472  aDLCcDLCdDLC00aSF433b.H73 200900a636.7222bHOR1 aHorowitz, Alexandra.92470610aInside of a Dog :bWhat Dogs See, Smell, and Know /cAlexandra Horowitz. aLondon :bSimon & Schuster , 2010c2010. ax, 353 p. ;c24 cm. aIncludes bibliographical references (p. 303-332) and index. 0aDogsxPsychology.924707 bGeneralbENGcJune2011 2ddccBB c15545d15545 00102ddc40708BaccahaMAINbMAINc1STd2011-06-06epurchasel2m38o636.7 HORp000023969r2025-07-15 00:00:00s2015-01-24yBB